LIBRARY & INFORMATION CENTRE, KCAET, TAVANUR

ONLINE PUBLIC ACCESS CATALOGUE (OPAC)

Talisman / (Record no. 2518)

MARC details
000 -LEADER
fixed length control field 00425cam a2200181ua 4500
041 ## - LANGUAGE CODE
Language code of text/sound track or separate title eng
082 ## - DEWEY DECIMAL CLASSIFICATION NUMBER
Classification number 823.308
Item number SCO/TA
100 ## - MAIN ENTRY--AUTHOR NAME
Personal name Scott, Walter .
245 ## - TITLE STATEMENT
Title Talisman /
260 ## - PUBLICATION, DISTRIBUTION, ETC. (IMPRINT)
Place of publication London :
Name of publisher Blackie & Son Ltd ,
Year of publication 1961.
300 ## - PHYSICAL DESCRIPTION
Number of Pages 108 ; .
942 ## - ADDED ENTRY ELEMENTS (KOHA)
Koha item type Books
Holdings
Withdrawn status Lost status Damaged status Home library Current library Date acquired Cost, normal purchase price Full call number Accession Number Koha item type Public note
Withdrawn     KAUAET Malayalam University 07/04/2012   823.308 SCO/TA 11087 Books  
Withdrawn     KAUAET Sanskrit University 07/04/2012 3.60 823.308 SCO/TA 6548 Books Transferred to Sanskrit University
Withdrawn     KAUAET Sanskrit University 07/04/2012   823.308 SCO/TA 4383 Books  
Withdrawn     KAUAET Sanskrit University 07/04/2012   823.308 SCO/TA 4240 Books  
free website counter